Inter Milan - Tous les joueurs de 2010 à 2025 - Statistiques

Statistiques générales
  • Ce quiz a été pris 649 fois
    170 depuis la dernière actualisation
  • Le résultat moyen est 58 sur 194
Statistiques - réponses
Saisons Nationalités Joueur Nombre
De Matchs
Poste % Correct
2018 - Argentine LautaroMartinez 320 A
98%
2023 - Suisse YannSommer 92 G
91%
2012 - 2023 Slovénie SamirHandanovic 455 G
90%
2024 - Espagne JosepMartinez 10 G
88%
2019 - 20212022 - 2023 Belgique RomeluLukaku 131 A
87%
2023 - France MarcusThuram 94 A
85%
2019 - Italie NicolòBarella 286 M
85%
2020 - Italie AlessandroBastoni 253 D
83%
2019 - 20222023 - 2024 Chili AlexisSanchez 142 A
83%
2021 - Pays - Bas DenzelDumfries 176 D/M
82%
2014 - 2023 Croatie MarceloBrozovic 329 M
81%
2009 - 2011 Cameroun SamuelEto'o 102 A
80%
2009 - 2014 Argentine DiegoMilito 171 A
79%
2014 - 20152019 - 2020 2021 - Italie FedericoDimarco 185 D/M
79%
2021 - Turquie HakanCalhanoglu 181 M
79%
1995 - 2014 Argentine JavierZanetti 858 D/M
78%
2018 - Pays - Bas StefanDe Vrij 276 D
78%
2022 - Italie FrancescoAcerbi 119 D
76%
2015 - 20192020 - 2022 Croatie IvanPerisic 254 A
76%
2017 - 2023 Slovaquie MilanSkriniar 246 D
76%
2023 - 2025 France BenjaminPavard 68 D
75%
2021 - 2023 Bosnie EdinDzeko 100 A
74%
2022 - Arménie HenrikhMkhitaryan 143 M
74%
2005 - 2012 Brésil JulioCésar 300 G
74%
2020 - 2022 Chili ArturoVidal 71 M
73%
2013 - 2019 Argentine MauroIcardi 219 A
72%
2022 - 2023 Cameroun AndréOnana 40 G
71%
2006 - 2012 Brésil Maicon 248 D
71%
2004 - 2014 Argentine EstebanCambiasso 431 M
67%
2012 - 2015 Croatie MateoKovacic 97 M
67%
2009 - 2013 Pays - Bas WesleySneijder 116 M
66%
2009 - 20102023 - 2025 Autriche MarkoArnautovic 65 A
65%
2010 - 2018 Japon YutoNagatomo 210 D
65%
2020 - 2021 Maroc AchrafHakimi 45 D
64%
2009 - 2012 Brésil Lucio 136 D
64%
2020 - Italie MatteoDarmian 204 D
64%
2023 - 2024 Colombie JuanCuadrado 12 D/M
63%
2024 - 2025 Iran MehdiTaremi 43 A
61%
2019 - 2021 Danemark ChristianEriksen 60 M
59%
2009 - 2011 MacédoineDu Nord GoranPandev 69 A
59%
2007 - 2013 Roumanie CristianChivu 169 D
58%
2023 - Italie DavideFrattesi 89 M
55%
2003 - 2013 Serbie DejanStankovic 326 M
55%
2018 - 2020 Ghana KwadwoAsamoah 53 D/M
55%
2024 - Pologne PiotrZielinski 39 M
54%
2005 - 2014 Argentine WalterSamuel 236 D
54%
2023 - Allemagne YannBisseck 67 D
53%
2021 - 20232024 - 2025 Argentine JoaquinCorrea 99 A
51%
2015 - 2019 Brésil Miranda 121 D
51%
2015 - 2017 RépubliqueCentrafricaine GeoffreyKondogbia 56 M
49%
2019 - 2020 Uruguay DiegoGodin 36 D
48%
2001 - 2011 Italie MarcoMaterazzi 276 D
44%
2019 - 2021 Angleterre AshleyYoung 59 D/M
43%
2015 - 2017 Monténégro StevanJovetic 33 A
43%
2021 - 2023 Allemagne RobinGosens 57 D/M
42%
2023 - Brésil CarlosAugusto 92 D/M
41%
2010 - 20112015 - 2017 France JonathanBiabiany 49 A
41%
2012 - 2017 Argentine RodrigoPalacio 169 A
41%
2019 - 2020 Nigéria VictorMoses 20 D/M
41%
2014 - 2017 Chili GaryMedel 109 M
39%
2017 - 2022 Uruguay MatiasVecino 127 M
39%
2018 - 20192020 - 2021 Belgique RadjaNainggolan 41 M
39%
2014 - 2015 Suisse XherdanShaqiri 20 A
39%
2022 - 2025 Albanie KristjanAsllani 95 M
38%
2010 - 2013 Brésil PhilippeCoutinho 47 M/A
38%
2011 - 2016 Colombie FreddyGuarin 141 M
37%
2016 - 2020 Italie AntonioCandreva 151 A
36%
2017 - 2018 Portugal JoaoCancelo 28 D
35%
2000 - 2012 Colombie IvanCordoba 455 D
34%
2018 - 2020 Italie SebastianoEsposito 15 A
34%
2017 - 2020 Espagne BorjaValero 100 M
33%
2013 - 2023 Italie DaniloD'ambrosio 283 D
33%
2016 - 2019 Portugal JoaoMario 69 M
33%
2016 - 2023 Italie RobertoGagliardini 190 M
33%
2009 - 2012 Italie ThiagoMotta 83 M
33%
2011 - 2016 Brésil JuanJesus 142 D
32%
2010 - 2020 Italie AndreaRanocchia 226 D
31%
2011 - 2012 Uruguay DiegoForlan 20 A
31%
2015 - 2018 Italie Eder 86 A
31%
2018 - 2019 Sénégal KeitaBaldé 29 A
30%
2024 - 2025 Pologne NicoloZalewski 15 M
30%
2008 - 2012 Ghana Sulley AliMuntari 97 M
30%
2013 - 2015 Brésil Hernanes 52 M
29%
2011 - 2012 Italie AndreaPoli 20 M
27%
2015 - 20162020 - 2022 Roumanie IonutRadu 5 G
26%
2014 - 2016 Serbie NemanjaVidic 28 D
26%
2019 - 20222023 - 2024 Italie StefanoSensi 57 M
26%
2020 - 2022 Serbie AleksandarKolarov 15 D
25%
2010 - 20132014 - 2015 Nigéria JoelObi 71 M
25%
2023 - 2025 Canada TajonBuchanan 17 M
25%
2015 - 2017 Brésil FelipeMelo 38 M
23%
2018 - 2020 Italie MatteoPolitano 63 A
23%
2013 - 2014 Algérie SaphirTaider 26 M
23%
2014 - 2015 Allemagne LukasPodolski 18 M/A
22%
2017 - 2018 Argentine LisandroLopez 1 D
21%
2012 - 2013 Italie AntonioCassano 39 A
20%
2017 - 2019 Brésil Dalbert 26 D
20%
2011 - 2014 Argentine RicardoAlvarez 90 M/A
20%
2010 - 2012 Italie GiampaoloPazzini 60 A
18%
2015 - 2017 Colombie JeisonMurillo 69 D
18%
2022 - 2023 Argentine ValentinCarboni 6 M
18%
2008 - 2011 Brésil Mancini 36 M/A
17%
2023 - Italie RaffaeleDi Gennaro 1 G
17%
2016 - 2017 Argentine EverBanega 33 M
16%
2012 - 2014 Uruguay AlvaroPereira 47 D/M
15%
2010 - 20112019 - 2020 Italie CristianoBiraghi 39 D
15%
2008 - 20112014 - 2018 Italie DavideSanton 110 D
15%
2014 - 2016 Brésil Dodo 29 D/M
15%
2014 - 2015 France YannM'Vila 14 M
15%
2012 - 2015 Serbie ZdravkoKuzmanovic 55 M
15%
2018 - 2019 Portugal CedricSoares 9 D
14%
2016 - 2017 Brésil GabrielBarbosa 10 A
14%
2024 - Argentine TomasPalacios 3 D
14%
2011 - 2015 Brésil Jonathan 66 D/M
13%
2010 - 2014 Italie LucaCastellazzi 36 G
13%
2015 - 2016 Espagne MartinMontoya 4 D
13%
2013 - 2014 Portugal Rolando 29 D
13%
2013 - 2015 Argentine HugoCampagnaro 39 D
12%
2018 - 2019 Croatie SimeVrsaljko 13 D
12%
2019 - 2020 Autriche ValentinoLazaro 11 D/M
12%
2016 - 20182020 - 2021 Italie AndreaPinamonti 15 A
11%
2023 - 2024 Italie EmilAudero 6 G
11%
2012 - 2017 Argentine Juan PabloCarrizo 27 G
11%
2017 - 2018 France YannKaramoh 18 A
11%
2015 - 2016 Serbie AdemLjajic 28 A
10%
2023 - 2024 Pays - Bas DavyKlaassen 18 M
10%
2019 - 20202023 - 2024 France LucienAgoumé 4 M
10%
2011 - 2012 Argentine MauroZarate 31 A
10%
2017 - 2018 Brésil Rafinha 17 M
10%
2012 - 2013 Uruguay WalterGargano 36 M
10%
2015 - 2016 Brésil AlexTelles 22 D
9%
2017 - 2021 Italie DanielePadelli 9 G
9%
2013 - 2014 Algérie IshakBelfodil 10 A
9%
2004 - 20072013 - 2015
2016 - 2017
Italie MarcoAndreolli 39 D
9%
2021 - 2022 Uruguay MartinSatriano 4 A
9%
2009 - 20112012 - 2013 Kenya McdonaldMariga 36 M
9%
2005 - 2011 Italie PaoloOrlandoni 6 G
9%
2014 - 2015 Brésil Felipe 4 D
8%
2012 - 2013 Argentine MatiasSilvestre 20 D
8%
2014 - 2015 Italie Pablo DanielOsvaldo 19 A
8%
2022 - 2023 Italie RaoulBellanova 21 D
8%
2012 - 2013 Italie SimonePasa 6 M
8%
2021 - 2022 Équateur FelipeCaicedo 3 A
7%
2014 - 2017 Cote D'ivoire AlassaneGnoukouri 16 M
6%
2021 - 2023 Italie AlexCordaz 1 G
6%
2016 - 2017 France AxelBakayoko 1 A
6%
2016 - 2017 Argentine CristianAnsaldi 26 D
6%
2014 - 2015 Roumanie GeorgePuscas 7 A
6%
2011 - 2013 Italie SamueleLongo 2 A
6%
2012 - 2014 Belgique GabyMudingayi 17 M
5%
2010 - 2011 Maroc HoussineKharja 19 M
5%
2012 - 2015 Ghana IsaacDonkor 5 D
5%
2019 - 2020 Italie LorenzoPirola 1 D
5%
2013 - 2014 Danemark PatrickOlsen 1 M
5%
2014 - 2015 Slovénie ReneKrhin 5 M
5%
2015 - 2016 Albanie ReyManaj 6 A
5%
2013 - 2014 Brésil Wallace 4 D
5%
2011 - 2012 Italie DavideFaraoni 18 D/M
4%
2012 - 2013 Italie EzequielSchelotto 13 D/M
4%
2014 - 2015 Guinée GastonCamara 2 A
4%
2012 - 20132014 - 2015 Sénégal IbrahimaMbaye 9 D
4%
2012 - 2013 Croatie MarkoLivaja 13 A
4%
2007 - 20092010 - 2011 Colombie NelsonRivas 28 D
4%
2016 - 2017 Belgique SennaMiangue 5 D
4%
2012 - 2013 Slovénie Vid Belec 3 G
4%
2023 - 2024 Nigéria EbenezerAkinsanmiro 1 M
3%
2013 - 2015 Italie FedericoBonazzoli 9 A
3%
2010 - 2011 Italie FeliceNatalino 3 D
3%
2011 - 2012 Italie LorenzoCrisetig 1 M
3%
2011 - 2012 Pays - Bas LucCastaignos 8 A
3%
2021 - 2023 Italie MattiaZanotti 3 D
3%
2010 - 2011 Nigéria NwankwoObiora 5 M
3%
2013 - 2014 Argentine RubenBotta 12 M
3%
2016 - 2017 Australie TrentSainsbury 1 D
3%
2012 - 2013 Ghana AlfredDuncan 4 M
2%
2011 - 2012 Italie AngeloPalombo 3 M
2%
2018 - 2019 Italie DavideMerola 1 A
2%
2010 - 2011 Roumanie DenisAlibec 2 A
2%
2011 - 2012 Italie LucaCaldirola 1 D
2%
2024 - Slovénie LukaTopalovic 1 M
2%
2012 - 2013 Autriche LukasSpendlhofer 1 D
2%
2012 - 2013 Italie MarcoBenassi 13 M
2%
2024 - Italie MatteoCocchi 1 D
2%
2024 - 2025 Italie MikeAidoo 1 D
2%
2012 - 2013 Italie AndreaRomano 2 M
1%
2015 - 2016 Italie FabioDella Giovanna 1 D
1%
2012 - 2013 Italie FrancescoForte 2 A
1%
2012 - 2013 Italie LucaGarritano 5 M/A
1%
2024 - Italie ThomasBerenbruch 2 M
1%
2012 - 2013 Italie TommasoRocchi 13 A
1%
2012 - 2013 Italie AndreaBandini 1 D
0%
2014 - 2015 Italie AndreaPalazzi 1 M
0%
2024 - 2025 Italie GiacomoDe Pieri 1 A
0%
2012 - 2013 Italie NicoloBelloni 1 A
0%
Aucun quiz correspondant
Distribution des résultats
% des personnes avec chaque résultat
Percentile par nombre de réponses
Votre historique - résultats
Vous n’avez pas pris ce quiz depuis la dernière actualisation